00577nam a2200169 a 4500001001000000003000900010005001700019008004100036040002500077082001900102100003700121245005300158260005400211300002100265500007300286650004800359000024938DO-SdBNP20240927073748.0100916s1947 dr 000 0 spa d aDO-SdBNPbspacBNPHU aRD860.9bB171p1 a Balaguer, Joaquín,d1906-200214aLos próceres escritores /cJoaquín Balaguer. aBuenos Aires :bImprenta Ferrari Hermanos,c1947. a306 p. ;c21 cm. aIncluye referencias bibliográficas y notas al pie de las páginas14aLiteratura dominicanaxHistoria y crítica